| 000 | 00489nam a2200193Ia 4500 | ||
|---|---|---|---|
| 005 | 20240823014740.0 | ||
| 008 | 240823s9999||||xx |||||||||||||| ||und|| | ||
| 020 | _a81-7319-341-X | ||
| 041 | _aENGLISH | ||
| 082 | _A621.382 P0 | ||
| 100 | _aBalakrishnan N | ||
| 245 | 0 | _aEmerging Communication Technologies and the Society | |
| 250 | _a1st | ||
| 260 |
_c2000 _b"Narosa, New " _aNew Delhi |
||
| 500 | _aYES | ||
| 650 |
_aCommunication _bElectronics |
||
| 942 | _cBK | ||
| 999 |
_c170808 _d170808 |
||